| 000 | 00850cam a22002773a 4500 | ||
|---|---|---|---|
| 001 | 32927 | ||
| 003 | PGUSA | ||
| 005 | 20140828083719.0 | ||
| 008 | 100620s2010||||xxu|||||s|||||000 1 eng d | ||
| 040 |
_aPGUSA _beng |
||
| 042 | _adc | ||
| 050 | 4 | _aPR | |
| 100 | 1 |
_aMitford, Bertram, _d1855-1914 |
|
| 245 | 1 | 4 |
_aThe Induna's Wife _h[electronic resource] / _cBertram Mitford |
| 260 |
_bProject Gutenberg, _c2010 |
||
| 506 | _aPublic domain in the USA. | ||
| 516 | _aElectronic text | ||
| 653 | _aNdebele (African people) -- Fiction | ||
| 653 | _aSouth Africa -- History -- 19th century -- Fiction | ||
| 653 | _aHistorical fiction | ||
| 653 | _aZulu (African people) -- Fiction | ||
| 700 | 1 |
_aMcCormick, A. D. _q(Arthur David), _d1860- |
|
| 830 | 0 |
_aProject Gutenberg _v32927 |
|
| 856 | 4 | 0 | _uhttp://www.gutenberg.org/ebooks/32927 |
| 942 | _cEB | ||
| 999 |
_c262182 _d262182 |
||